00585nam a2200181Ia 450000500170000000800410001702000150005808200150007310000110008824500990009926000450019830000180024365000120026165000120027394200060028595200970029199900150038820250124045132.0240331s9999 xx 000 0 und d a8188789046 bPATa914.5 aPati,B 0aIdentity, Hegeminy, Resistance :bTowards a Social history of Conversions in Orissa, 1800-2000 aNew DelhibThree Essays Collectivec2003 axvii, 57 p ., aSocial  aHistory cL 001040708LaWERCLbWERCLcSSCd2024-03-31l0o 914.5 PATp6724r2024-03-31w2024-03-31yL c5680d5680